Now United - Statistics

Estatísticas Gerais
  • Esse quiz foi jogado 115 vezes
  • A pontuação média é 10 de 13
Estatísticas das Respostas
Hint Resposta % Correto
Em que ano foram criados? 2017
100%
Quantos elementos tem o grupo? 18
97%
Qual é o país da Sabina Hidalgo? México
93%
Em que país foi gravado o videoclipe da música Who Would Think That Love? México
93%
Sina rejeitou o projeto quantas vezes? 4
91%
Any Gabrielly representa que país? Brasil
91%
Qual é a tradução do nome do grupo? Agora Unidos
90%
Quem criou a banda? Simon Fuller
88%
Qual foi o seu primeiro single? Summer in the City
86%
Em que país foi gravado o videoclipe da música What Are We Waiting For? Coreia do Sul
70%
Onde foi gravado o videoclipe da música All Day? Califórnia
54%
Quem é o coreógrafo do grupo? Kyle Hanagami
53%
Qual dos elementos representam a Alemanha? Sina Dernet
1%
Nenhum quiz correspondente encontrado
Distribuição das Pontuações
Porcentagem de Pessoas com Cada Pontuação
Percentil de Números Respondidos
Sua Pontuação Histórica
Você não jogou esse quiz